000 00391nam a2200133Ia 4500
005 20260328104315.0
008 260328s9999||||xx |||||||||||||| ||und||
100 _aMorales, Jose Ricardo
245 0 _aArquitectónica :
_b sobre la idea y el sentido de la Arquitectura /
_cJose Ricardo Morales
260 _bUniversidad del Bío-Bío
300 _a245 p.
650 _aTEORÍA
942 _cBK
999 _c11102
_d11102